Culture générale par lettre - R. - Statistiques

Statistiques générales
  • Ce quiz a été pris 4 474 fois
  • Le résultat moyen est 13 sur 15
Statistiques - réponses
Questions Réponses % Correct
Animal qui peut être "marteau", "blanc" ou "mako". Requin
98%
Constructeur automobiles Français, la marque au losange. Renault
97%
Sa capitale est Bucarest. Roumanie
97%
Organe qui assurent notamment la filtration du sang et la production de l'urine. Rein
96%
Nom du film d'animation dans lequel un rat nommé Rémy a un don pour la cuisine. Ratatouille
95%
Selon l'expression, toutes les routes y mènent. Rome
95%
Recette de cuisine traditionnelle suisse, connue dans le monde entier, variante des fondues au fromage. Raclette
93%
Chanteur interprète de "Mistral Gagnant" ou "Morgane de toi". Renaud
92%
Trilogie cinématographique racontant l'histoire du jeune "Marty" et "Doc" dans leurs voyages à travers le temps. Retour vers le futur
90%
Sport pratiqué par "Jonah Lomu" ou "Sébastien Chabal". Rugby
90%
Marque de vêtements américaine haut de gamme portant le nom de son fondateur, ayant pour logo un cavalier de polo. Ralph Lauren
88%
Footballeur Brésilien, gagnant du ballon d'or France Football en 2005. Ronaldinho
75%
Célèbre cardinal de France et ministre principal de Louis XIII. Richelieu
64%
Élément chimique de numéro atomique 88, métal alcalino-terreux présent en très faible quantité dans les minerais d'uranium. Radium
53%
Nom d'un écrivain Français, auteur de "Gargantua". François Rabelais
50%
Aucun quiz correspondant
Distribution des résultats
% des personnes avec chaque résultat
Percentile par nombre de réponses
Votre historique - résultats
Vous n’avez pas pris ce quiz